[Event "IX Festival A"]
[Site "Cesenatico ITA"]
[Date "2004.09.07"]
[Round "4"]
[White "Sanzani, Pierluigi"]
[Black "Ori, Marco"]
[Result "0-1"]
[WhiteElo "1955"]
[BlackElo "2081"]
[PlyCount "104"]
[EventDate "2004.09.04"]

1. e4 c6 2. d4 d5 3. e5 c5 4. c3 Nc6 5. Be3 cxd4 6. cxd4 Bf5 7. Bd3 Bxd3 8.
Qxd3 Qb6 9. Nc3 e6 10. Nge2 Nge7 11. O-O Nf5 12. Nxd5 Qd8 13. Ndf4 Nb4 14. Qb3
Qd7 15. a3 Nd5 16. Nxd5 exd5 17. Nf4 O-O-O 18. Qc2+ Kb8 19. Nxd5 Nxe3 20. Nxe3
Qxd4 21. Rad1 Qb6 22. Nc4 Qc7 23. Rxd8+ Qxd8 24. Rd1 Qc7 25. Qe4 Be7 26. g3 Rd8
27. Rxd8+ Qxd8 28. Kg2 Kc7 29. Na5 Qa8 30. Qd5 f6 31. exf6 Bxf6 32. Qc5+ Kd7
33. Qd5+ Kc7 34. b4 Qc8 35. Nc4 Qd7 36. Qxd7+ Kxd7 37. f4 b5 38. Ne3 Bb2 39.
Nc2 Ke6 40. Kf3 Kd5 41. Ne3+ Kd4 42. Nf5+ Kd3 43. Nd6 a6 44. Ne4 Bxa3 45. Nc5+
Kc4 46. Nxa6 Bxb4 47. g4 Bd6 48. h4 Kd5 49. g5 b4 50. Nxb4+ Bxb4 51. h5 Ke6 52.
Ke4 g6 0-1

[Event "IX Festival A"]
[Site "Cesenatico ITA"]
[Date "2004.09.07"]
[Round "4"]
[White "Tomescu, Vlad"]
[Black "Voltolini, Giuseppe"]
[Result "1-0"]
[WhiteElo "2397"]
[BlackElo "2241"]
[PlyCount "51"]
[EventDate "2004.09.04"]

1. e4 c5 2. Nf3 d6 3. d4 cxd4 4. Nxd4 Nf6 5. Nc3 g6 6. Be3 Bg7 7. f3 Nc6 8. Qd2
O-O 9. O-O-O d5 10. Kb1 Nxd4 11. e5 Nd7 12. Bxd4 Nxe5 13. Qe3 Nc6 14. Bxg7 Kxg7
15. Nxd5 Be6 16. Qc3+ f6 17. Bc4 Qa5 18. b4 Nxb4 19. Rhe1 Bxd5 20. Rxd5 Qxd5
21. Bxd5 Nxd5 22. Qb3 Rfd8 23. c4 Nb6 24. Rxe7+ Kh8 25. Qe3 g5 26. Qe4 1-0

[Event "IX Festival A"]
[Site "Cesenatico ITA"]
[Date "2004.09.07"]
[Round "4"]
[White "Trabert, Bettina"]
[Black "De Andres Gonalons, Fernando"]
[Result "1/2-1/2"]
[WhiteElo "2312"]
[BlackElo "2087"]
[PlyCount "75"]
[EventDate "2004.09.04"]

1. e4 e6 2. d4 d5 3. Nd2 Nf6 4. e5 Nfd7 5. c3 c5 6. Bd3 Nc6 7. Ne2 Qb6 8. Nf3
cxd4 9. cxd4 f6 10. exf6 Nxf6 11. O-O Bd6 12. Nc3 O-O 13. Be3 Bd7 14. Ne5 Bxe5
15. dxe5 Qxb2 16. exf6 Qxc3 17. fxg7 Rf7 18. Rc1 Qxg7 19. f4 Qf6 20. Rf3 Rg7
21. Bb1 d4 22. Bf2 Rd8 23. Rc5 Be8 24. Qb3 Kh8 25. Rg5 Rdd7 26. Bh4 d3 27. Rxg7
Qxg7 28. Rxd3 Nd4 29. Qd1 Bg6 30. Re3 Bxb1 31. Qxb1 Nf5 32. Rxe6 Qd4+ 33. Bf2
Qxf4 34. Qb2+ Kg8 35. Re1 Nd4 36. Bxd4 Qxd4+ 37. Qxd4 Rxd4 38. Re2 1/2-1/2

[Event "IX Festival A"]
[Site "Cesenatico ITA"]
[Date "2004.09.07"]
[Round "4"]
[White "Traversi, Carlo"]
[Black "Zimmer, Hans Werner"]
[Result "0-1"]
[WhiteElo "1792"]
[BlackElo "1867"]
[PlyCount "50"]
[EventDate "2004.09.04"]

1. e4 e5 2. Nf3 Nc6 3. d4 exd4 4. Nxd4 Nf6 5. Nxc6 bxc6 6. Bd3 d5 7. exd5 cxd5
8. O-O Be7 9. Nc3 O-O 10. Bg5 Be6 11. Re1 h6 12. Bh4 Rb8 13. Rb1 Rb4 14. Bxf6
Bxf6 15. a3 Rxb2 16. Rxb2 Bxc3 17. Rb3 Bxe1 18. Qxe1 c5 19. Be2 d4 20. Rb7 Bd5
21. Rxa7 Re8 22. Qf1 c4 23. Ra4 Qg5 24. g3 Qd2 25. Qd1 Qxd1+ 0-1

[Event "IX Festival A"]
[Site "Cesenatico ITA"]
[Date "2004.09.07"]
[Round "4"]
[White "Vincenzi, Andrea"]
[Black "Ventura, Sergio"]
[Result "0-1"]
[WhiteElo "1807"]
[BlackElo "2175"]
[PlyCount "74"]
[EventDate "2004.09.04"]

1. e4 d6 2. Bc4 c6 3. Nc3 Nf6 4. d3 g6 5. a3 Bg7 6. Nge2 Nbd7 7. O-O O-O 8. Ba2
b5 9. Ng3 a5 10. Nce2 h5 11. Nf4 Ne5 12. Nxg6 Nxg6 13. Nxh5 Be6 14. Bxe6 fxe6
15. Nxg7 Kxg7 16. f4 Qb6+ 17. Kh1 Rh8 18. h3 Rag8 19. f5 exf5 20. Rxf5 Kf7 21.
Bg5 Nh4 22. Bxh4 Rxh4 23. Qf3 Rg6 24. Rf1 Qb8 25. e5 dxe5 26. Qxc6 e4 27. Qd5+
Kg7 28. Qe5 Qxe5 29. Rxe5 b4 30. axb4 exd3 31. bxa5 Re4 32. Ref5 d2 33. R5f2
Re1 34. Rxd2 Rxf1+ 35. Kh2 Ne4 36. Rd3 Rf2 37. a6 Rfxg2+ 0-1

[Event "IX Festival A"]
[Site "Cesenatico ITA"]
[Date "2004.09.07"]
[Round "4"]
[White "Vuelban, Virgilio"]
[Black "Mrdja, Milan"]
[Result "0-1"]
[WhiteElo "2306"]
[BlackElo "2432"]
[PlyCount "89"]
[EventDate "2004.09.04"]

1. d4 g6 2. e4 Bg7 3. Nc3 d6 4. Be3 a6 5. Qd2 Nd7 6. h4 h5 7. Nh3 e6 8. Ng5 Qe7
9. f3 b6 10. O-O-O Bb7 11. d5 e5 12. Be2 Ngf6 13. Kb1 O-O-O 14. Qe1 Kb8 15. Qf1
Ka7 16. a4 Rb8 17. Na2 Nc5 18. Nc3 Qe8 19. b3 Bc8 20. Kb2 Ng8 21. Ra1 f6 22.
Nh3 Bh6 23. Bxh6 Nxh6 24. b4 Nd7 25. Bb5 Ra8 26. a5 Rb8 27. Bc6 bxa5 28. Qf2+
Rb6 29. Na4 axb4 30. Nxb6 cxb6 31. Qd2 Qd8 32. Bxd7 Qxd7 33. Qxb4 a5 34. Ra3
Ba6 35. Qd2 Nf7 36. Nf2 Nd8 37. Nd3 Nb7 38. Rg1 Bxd3 39. cxd3 Nc5 40. Ka2 Qc7
41. d4 exd4 42. Qxd4 Rg8 43. Re1 Kb7 44. Qc4 Rc8 45. Rb1 {...} 0-1

[Event "IX Festival A"]
[Site "Cesenatico ITA"]
[Date "2004.09.08"]
[Round "5"]
[White "Aldrovandi, Costantino"]
[Black "Frilli, Guido"]
[Result "1/2-1/2"]
[WhiteElo "2275"]
[BlackElo "2131"]
[PlyCount "35"]
[EventDate "2004.09.04"]

1. e4 c5 2. c3 Nf6 3. e5 Nd5 4. d4 cxd4 5. cxd4 Nc6 6. Nf3 d6 7. Bb5 e6 8. O-O
Be7 9. a3 O-O 10. Qe2 Nb6 11. Bd3 d5 12. Nc3 f5 13. exf6 gxf6 14. Bh6 Rf7 15.
Rad1 a6 16. Bb1 Bd6 17. Nh4 f5 18. Qh5 1/2-1/2

[Event "IX Festival A"]
[Site "Cesenatico ITA"]
[Date "2004.09.08"]
[Round "5"]
[White "Battaglia, Edoardo"]
[Black "Lausen, Berthold"]
[Result "1-0"]
[WhiteElo "1877"]
[BlackElo "2059"]
[PlyCount "66"]
[EventDate "2004.09.04"]

1. e4 c6 2. d4 d5 3. f3 g6 4. Nc3 Bg7 5. Be3 dxe4 6. fxe4 Nf6 7. Nf3 Qa5 8. Qd2
Ng4 9. Bg5 h6 10. Bxe7 Kxe7 11. Nd5+ cxd5 12. Qxa5 dxe4 13. Qc5+ Kd8 14. Ne5
Nxe5 15. dxe5 Nc6 16. O-O-O+ Ke8 17. Bb5 Bd7 18. Qd5 Rd8 19. Bxc6 bxc6 20. Qxe4
h5 21. Rd6 Bf8 22. Rf1 Bxd6 23. exd6+ Be6 24. Qxc6+ Kf8 25. d7 Kg7 26. Rd1 a5
27. Qc3+ Kh7 28. Qxa5 Rxd7 29. Rxd7 Bxd7 30. c4 Re8 31. Qd2 Bg4 32. h3 Re2 33.
hxg4 Rxd2 1-0

[Event "IX Festival A"]
[Site "Cesenatico ITA"]
[Date "2004.09.08"]
[Round "5"]
[White "Bentivegna, Francesco"]
[Black "Areklett, Ivar"]
[Result "1/2-1/2"]
[WhiteElo "2250"]
[BlackElo "2105"]
[PlyCount "76"]
[EventDate "2004.09.04"]

1. d4 Nf6 2. Bg5 d6 3. Bxf6 exf6 4. c4 f5 5. e3 Nd7 6. Nc3 Nf6 7. g3 Be7 8. Bg2
O-O 9. Nge2 Re8 10. O-O Bf8 11. Qd3 c6 12. b4 Qe7 13. b5 Ne4 14. a4 h5 15. a5
h4 16. a6 g6 17. axb7 Bxb7 18. bxc6 Bxc6 19. Nf4 hxg3 20. hxg3 Qg5 21. Nfd5
Bxd5 22. Nxd5 Bg7 23. Nc7 Nxg3 24. Nxe8 Rxe8 25. fxg3 Rxe3 26. Qd2 Qxg3 27.
Rad1 Re4 28. Qf2 Bxd4 29. Rxd4 Qxf2+ 30. Rxf2 Rxd4 31. Bd5 Rd1+ 32. Kg2 Ra1 33.
Rb2 Kg7 34. Rb7 g5 35. Rxf7+ Kg6 36. Rd7 Ra6 37. Bb7 Rb6 38. Bd5 Ra6 1/2-1/2

[Event "IX Festival A"]
[Site "Cesenatico ITA"]
[Date "2004.09.08"]
[Round "5"]
[White "Bonacci, Mauro"]
[Black "Rotstein, Arkadij"]
[Result "0-1"]
[WhiteElo "2204"]
[BlackElo "2524"]
[PlyCount "54"]
[EventDate "2004.09.04"]

1. e4 c5 2. Nf3 e6 3. Nc3 d6 4. d4 cxd4 5. Nxd4 a6 6. Be3 Nf6 7. Be2 Be7 8. O-O
O-O 9. a4 b6 10. f4 Bb7 11. Bf3 Qc7 12. g4 Nc6 13. f5 Nxd4 14. Bxd4 Nd7 15. Qd2
h6 16. Be3 Ne5 17. Be2 Qd8 18. fxe6 fxe6 19. Bxh6 gxh6 20. Qxh6 Qd7 21. Bc4 d5
22. Bb3 Rxf1+ 23. Rxf1 Rf8 24. Qh5 Bc5+ 25. Kg2 Qg7 26. Rxf8+ Qxf8 27. g5 d4
0-1

[Event "IX Festival A"]
[Site "Cesenatico ITA"]
[Date "2004.09.08"]
[Round "5"]
[White "Calzetta Ruiz, Monica"]
[Black "Gaiba, Paolo"]
[Result "1-0"]
[WhiteElo "2289"]
[BlackElo "2145"]
[PlyCount "47"]
[EventDate "2004.09.04"]

1. e4 e5 2. Nf3 Nc6 3. Bb5 Bc5 4. O-O Nge7 5. c3 a6 6. Ba4 O-O 7. d4 exd4 8.
cxd4 Ba7 9. d5 b5 10. Bc2 Nb4 11. Bb3 a5 12. a3 Na6 13. Nc3 Rb8 14. Bg5 d6 15.
e5 Bg4 16. Re1 Re8 17. Bc2 Qd7 18. e6 fxe6 19. dxe6 Qc6 20. Bxe7 Rxe7 21. Nd5
Rbe8 22. Qd3 Bxe6 23. Rxe6 Qxc2 24. Nxe7+ 1-0

[Event "IX Festival A"]
[Site "Cesenatico ITA"]
[Date "2004.09.08"]
[Round "5"]
[White "Carola, Paolo"]
[Black "Pozzi, Enrico"]
[Result "0-1"]
[WhiteElo "2053"]
[BlackElo "2208"]
[PlyCount "52"]
[EventDate "2004.09.04"]

1. e4 b6 2. f4 Bb7 3. Nc3 e6 4. Nf3 Bb4 5. Bd3 Nf6 6. e5 Nh5 7. g3 f5 8. exf6
Nxf6 9. O-O Qe7 10. Qe2 Bc5+ 11. Kg2 O-O 12. a3 Nc6 13. Ne4 e5 14. b4 Nd4 15.
Nxd4 Bxd4 16. c3 exf4 17. Rxf4 Nxe4 18. Bxe4 Rxf4 19. Qc4+ Kh8 20. Bxb7 Rf2+
21. Kh3 Raf8 22. cxd4 Qg5 23. Qd5 Qh6+ 24. Kg4 Rxh2 25. d3 Qh3+ 26. Kg5 Qxg3#
0-1

[Event "IX Festival A"]
[Site "Cesenatico ITA"]
[Date "2004.09.08"]
[Round "5"]
[White "Cioara, Andrei Nestor"]
[Black "Molina, Fabrizio"]
[Result "0-1"]
[WhiteElo "2373"]
[BlackElo "2246"]
[PlyCount "82"]
[EventDate "2004.09.04"]

1. e4 e6 2. d4 d5 3. Nd2 Be7 4. e5 c5 5. Qg4 g6 6. dxc5 Nd7 7. Ngf3 Nxc5 8. Nb3
h5 9. Qf4 Nh6 10. Nxc5 Bxc5 11. Bb5+ Bd7 12. Bxd7+ Kxd7 13. O-O Qb6 14. c4 Nf5
15. cxd5 exd5 16. Bd2 Rhe8 17. Ng5 Re7 18. Rfe1 Rae8 19. Nh7 Ke6 20. Bc3 Rc7
21. Rad1 d4 22. b4 Bxb4 23. Bxd4 Rc4 24. Re4 Rd8 25. g4 hxg4 26. Bxb6 Rxd1+ 27.
Kg2 Nh4+ 28. Kg3 Nf5+ 29. Kxg4 Bd2 30. Ng5+ Ke7 31. Be3 Rg1+ 32. Kf3 Rc3 33.
Ke2 Bxe3 34. Rxe3 Rc2+ 35. Kd3 Rxa2 36. Qb4+ Ke8 37. Qb5+ Kf8 38. Qc5+ Kg8 39.
Qc8+ Kg7 40. e6 Rd1+ 41. Ke4 Nd6+ 0-1

[Event "IX Festival A"]
[Site "Cesenatico ITA"]
[Date "2004.09.08"]
[Round "5"]
[White "Cottarelli, Franco"]
[Black "Altea, Giovanni"]
[Result "1-0"]
[WhiteElo "1942"]
[BlackElo "1778"]
[PlyCount "53"]
[EventDate "2004.09.04"]

1. e4 c6 2. d4 d5 3. exd5 cxd5 4. c4 Nf6 5. Nc3 Nc6 6. Nf3 Bg4 7. Qb3 Bxf3 8.
gxf3 Nxd4 9. Qa4+ Qd7 10. Qd1 dxc4 11. Bxc4 e6 12. Be3 O-O-O 13. O-O Nc6 14.
Qa4 Kb8 15. Bb5 Bd6 16. Bxa7+ Kc8 17. Rfc1 Qc7 18. Bxc6 bxc6 19. Ne4 Qb7 20.
Rxc6+ Bc7 21. Rac1 Ne8 22. Nc5 Rd4 23. Nxb7 Rxa4 24. Nd6+ Nxd6 25. Rxc7+ Kd8
26. Bb6 Ra8 27. Ra7+ 1-0

[Event "IX Festival A"]
[Site "Cesenatico ITA"]
[Date "2004.09.08"]
[Round "5"]
[White "De Andres Gonalons, Fernando"]
[Black "Anceschi, Vittorio"]
[Result "0-1"]
[WhiteElo "2087"]
[BlackElo "2261"]
[PlyCount "38"]
[EventDate "2004.09.04"]

1. d4 f5 2. g3 Nf6 3. Bg2 g6 4. c4 Bg7 5. Nc3 d6 6. Nf3 O-O 7. O-O Nc6 8. d5
Na5 9. Qd3 c5 10. Rb1 a6 11. b3 Rb8 12. Nd2 Bd7 13. b4 cxb4 14. Rxb4 Ng4 15.
Nf3 Qc7 16. Bg5 b5 17. Qc2 Nxc4 18. Rb3 Na5 19. h3 Nxb3 0-1

[Event "IX Festival A"]
[Site "Cesenatico ITA"]
[Date "2004.09.08"]
[Round "5"]
[White "Del Vecchio, Gastone"]
[Black "Faini, Ivano"]
[Result "0-1"]
[WhiteElo "1896"]
[BlackElo "1679"]
[PlyCount "180"]
[EventDate "2004.09.04"]

1. e4 d5 2. exd5 Qxd5 3. Nc3 Qa5 4. d4 Bf5 5. Nf3 c6 6. Bd3 Bxd3 7. Qxd3 Qc7 8.
O-O e6 9. Bg5 Nd7 10. Rfe1 Ngf6 11. h3 Be7 12. a3 O-O 13. Ne4 Nxe4 14. Bxe7
Rfe8 15. Bh4 Nef6 16. Re2 h6 17. Rae1 Nd5 18. Qd2 Qf4 19. c4 Qxd2 20. Nxd2 Nf4
21. Re3 Nb6 22. Bg3 Ng6 23. Bc7 Nc8 24. Nf3 Re7 25. Bg3 Rd7 26. Rd3 Nce7 27.
Ne5 Nxe5 28. Bxe5 Rad8 29. Red1 f6 30. Bf4 b6 31. R3d2 Nf5 32. Be3 a5 33. g4
Nh4 34. Kf1 Nf3 35. Rd3 Ne5 36. Rc3 c5 37. d5 exd5 38. cxd5 Rxd5 39. Rxd5 Rxd5
40. Ke2 Kf7 41. f4 Nd7 42. Rd3 Rxd3 43. Kxd3 Ke6 44. Kc4 Kd6 45. Kb5 Kc7 46. f5
Kb7 47. Bf4 c4 48. Kxc4 Kc6 49. Kd4 b5 50. b4 a4 51. h4 Nb6 52. g5 hxg5 53.
hxg5 Nc4 54. gxf6 gxf6 55. Bc1 Nd6 56. Bb2 Nxf5+ 57. Kd3 Nd6 58. Bxf6 Nc4 59.
Kc3 Nxa3 60. Bg7 Kd5 61. Kb2 Nc4+ 62. Kc3 Ke4 63. Bh6 Ne3 64. Bf8 Nd1+ 65. Kc2
Nf2 66. Be7 Nd3 67. Kc3 Nc1 68. Kb2 Ne2 69. Bf8 Kd3 70. Bg7 Kc4 71. Bf8 Nc3 72.
Ka3 Kd3 73. Kb2 Nd1+ 74. Ka3 Kc2 75. Ka2 Ne3 76. Bg7 Nc4 77. Bf8 Kc3 78. Be7
Nd2 79. Bf8 Kc2 80. Be7 Nb3 81. Bf8 Nc1+ 82. Ka1 Kb3 83. Kb1 Nd3 84. Ka1 Nxb4
85. Bxb4 Kxb4 86. Kb2 Kc4 87. Kc2 b4 88. Kb2 b3 89. Ka1 Kc3 90. Kb1 b2 0-1

[Event "IX Festival A"]
[Site "Cesenatico ITA"]
[Date "2004.09.08"]
[Round "5"]
[White "Di Caro, Calogero"]
[Black "Roeder, Matthias"]
[Result "1/2-1/2"]
[WhiteElo "2322"]
[BlackElo "2431"]
[PlyCount "38"]
[EventDate "2004.09.04"]

1. d4 Nf6 2. Bg5 Ne4 3. Bf4 c5 4. f3 Qa5+ 5. c3 Nf6 6. Nd2 cxd4 7. Nb3 Qd8 8.
cxd4 Nc6 9. e4 e5 10. dxe5 Nh5 11. Be3 Qh4+ 12. g3 Nxg3 13. Bf2 Bb4+ 14. Nd2
Bxd2+ 15. Qxd2 Nxf1 16. Kxf1 Qe7 17. f4 b6 18. Nf3 Ba6+ 19. Kg2 f6 1/2-1/2

[Event "IX Festival A"]
[Site "Cesenatico ITA"]
[Date "2004.09.08"]
[Round "5"]
[White "Dragojlovic, Andjelko"]
[Black "Bossi, Alessandro"]
[Result "1-0"]
[WhiteElo "2309"]
[BlackElo "2053"]
[PlyCount "61"]
[EventDate "2004.09.04"]

1. e4 e5 2. Nc3 Bc5 3. Bc4 Nc6 4. Qg4 Qf6 5. Nd5 Qxf2+ 6. Kd1 Bf8 7. Nxc7+ Kd8
8. Nxa8 d5 9. Qe2 Qc5 10. Bxd5 Nd4 11. Qd3 Bg4+ 12. Nf3 Kc8 13. c3 Nxf3 14.
gxf3 Bh5 15. Rf1 Kb8 16. b4 Qc8 17. Nb6 axb6 18. Qb5 Nf6 19. a4 Qd7 20. Qxd7
Nxd7 21. d3 Bd6 22. Be3 Rc8 23. Kd2 h6 24. a5 bxa5 25. Rxa5 Kc7 26. f4 f6 27.
f5 Be8 28. Rg1 Bf8 29. Be6 Rd8 30. Bxd7 Rxd7 31. Ra8 1-0

[Event "IX Festival A"]
[Site "Cesenatico ITA"]
[Date "2004.09.08"]
[Round "5"]
[White "Facchetti, Gianni"]
[Black "Trabert, Bettina"]
[Result "0-1"]
[WhiteElo "2190"]
[BlackElo "2312"]
[PlyCount "108"]
[EventDate "2004.09.04"]

1. e4 e5 2. Nf3 Nc6 3. Be2 Nf6 4. d3 d5 5. Nbd2 Be7 6. c3 a5 7. a4 O-O 8. Qc2
Re8 9. O-O h6 10. Re1 Bc5 11. h3 Ba7 12. Nf1 d4 13. Ng3 Be6 14. c4 Bc5 15. Bd2
Bb4 16. b3 Bxd2 17. Qxd2 Kh7 18. Rf1 Nd7 19. Ne1 Nc5 20. Rb1 Qg5 21. Qxg5 hxg5
22. Nc2 Ra6 23. Rb2 Rb6 24. Rfb1 g6 25. Nf1 f5 26. f3 Rf8 27. Nd2 Kg7 28. Ra2
Bd7 29. Ra3 Nb4 30. Nxb4 Rxb4 31. Kf2 Rf6 32. Ke1 Rfb6 33. Kd1 Nxa4 34. Rba1
Nc3+ 35. Ke1 a4 36. bxa4 Rxa4 37. Bd1 Rxa3 38. Rxa3 Ra6 39. Rxa6 bxa6 40. c5
Bb5 41. Bc2 Kf6 42. g3 a5 43. Nb3 a4 44. Na1 f4 45. Kf2 fxg3+ 46. Kxg3 Ne2+ 47.
Kf2 Nf4 48. Ke1 Nxd3+ 49. Kd2 Nxc5 50. Bd1 Bf1 51. Nc2 Bxh3 52. Nb4 Be6 53. Kc1
g4 54. fxg4 Kg5 0-1

[Event "IX Festival A"]
[Site "Cesenatico ITA"]
[Date "2004.09.08"]
[Round "5"]
[White "Guglielmi, Giuseppe"]
[Black "Emami, Madjid"]
[Result "1-0"]
[WhiteElo "1980"]
[BlackElo "2081"]
[PlyCount "83"]
[EventDate "2004.09.04"]

1. d4 g6 2. Nf3 Bg7 3. e4 d6 4. c4 c6 5. Nc3 a6 6. g3 Nd7 7. Bg2 Qa5 8. O-O
Ngf6 9. Ne1 O-O 10. Nd3 e5 11. b4 Qc7 12. dxe5 dxe5 13. Be3 Re8 14. Na4 Bf8 15.
c5 Be7 16. h3 a5 17. a3 Ra6 18. Qb3 Nf8 19. Qc3 axb4 20. axb4 N6d7 21. Nb6 Rxa1
22. Rxa1 Bf6 23. Nc4 Ne6 24. Nd6 Rf8 25. Ra7 Nd4 26. Bxd4 exd4 27. Qb3 Ne5 28.
f4 Be6 29. Qc2 Nxd3 30. Qxd3 Qb8 31. Rxb7 Qa8 32. e5 Bg7 33. Qxd4 Qa3 34. Kh2
Qa2 35. Kh1 f6 36. Bxc6 fxe5 37. Rxg7+ Kxg7 38. Qxe5+ Kg8 39. b5 Rd8 40. Bg2
Rd7 41. b6 Qb1+ 42. Kh2 1-0

[Event "IX Festival A"]
[Site "Cesenatico ITA"]
[Date "2004.09.08"]
[Round "5"]
[White "Hess, Christian Mathias"]
[Black "Popa, Claudiu"]
[Result "1-0"]
[WhiteElo "2318"]
[BlackElo "2183"]
[PlyCount "125"]
[EventDate "2004.09.04"]

1. Nf3 Nf6 2. c4 e6 3. g3 d5 4. Bg2 c5 5. O-O Nc6 6. cxd5 Nxd5 7. d4 Be7 8. Nc3
Nxc3 9. bxc3 O-O 10. Rb1 Qa5 11. Qc2 Bf6 12. Bg5 Bd8 13. Bd2 Qa6 14. Bf4 Be7
15. Rfd1 Rd8 16. dxc5 Qa3 17. Rxd8+ Nxd8 18. Bd6 Bxd6 19. cxd6 Qxd6 20. Ng5 f5
21. Rd1 Qe7 22. Qd2 Nf7 23. Nxf7 Kxf7 24. e4 a5 25. exf5 exf5 26. Bd5+ Be6 27.
Bxe6+ Qxe6 28. Qd7+ Qxd7 29. Rxd7+ Kf6 30. Rxb7 Rc8 31. Rb6+ Kg5 32. Rb5 a4 33.
Rb4 Rxc3 34. Rxa4 g6 35. Kg2 Rd3 36. Ra5 Rc3 37. Kf1 Kg4 38. Ra4+ Kg5 39. Ke2
Rc2+ 40. Ke3 Rc3+ 41. Kd2 Rf3 42. Ke2 Rc3 43. Ra7 h6 44. Ra6 Rc2+ 45. Kf3 Rc3+
46. Kg2 Rd3 47. a4 Ra3 48. a5 Kh5 49. Ra8 Kg5 50. Ra6 Kh5 51. h3 Kg5 52. Ra8
Kh5 53. a6 Kg5 54. a7 Kh5 55. h4 f4 56. Kh3 g5 57. hxg5 fxg3 58. fxg3 Kxg5 59.
Rg8+ Kh5 60. a8=Q Rxg3+ 61. Kh2 Rh3+ 62. Kg2 Rg3+ 63. Rxg3 1-0

[Event "IX Festival A"]
[Site "Cesenatico ITA"]
[Date "2004.09.08"]
[Round "5"]
[White "Jonkman, Harmen"]
[Black "Estremera Panos, Sergio"]
[Result "1/2-1/2"]
[WhiteElo "2425"]
[BlackElo "2341"]
[PlyCount "70"]
[EventDate "2004.09.04"]

1. e4 c5 2. Nf3 Nc6 3. Bb5 g6 4. O-O Bg7 5. Re1 Nf6 6. e5 Nd5 7. Nc3 Nc7 8.
Bxc6 dxc6 9. Ne4 Ne6 10. d3 O-O 11. Be3 b6 12. Qd2 f5 13. exf6 exf6 14. Bh6 a5
15. Bxg7 Kxg7 16. Qc3 Ra7 17. a3 Nd4 18. Nxd4 Qxd4 19. Qb3 Rb7 20. Nc3 Bf5 21.
Re3 b5 22. a4 c4 23. dxc4 Qxc4 24. axb5 cxb5 25. Rxa5 Qxb3 26. cxb3 b4 27. Nd5
Rc8 28. h3 Rc1+ 29. Kh2 Rc2 30. g4 Bc8 31. Kg3 Rxb2 32. Rc5 Bd7 33. Re7+ Kf8
34. Rxh7 Rxb3+ 35. f3 Bc6 1/2-1/2

[Event "IX Festival A"]
[Site "Cesenatico ITA"]
[Date "2004.09.08"]
[Round "5"]
[White "Kemeny, Matthias"]
[Black "Giussani, Igor"]
[Result "1-0"]
[WhiteElo "2074"]
[BlackElo "1670"]
[PlyCount "67"]
[EventDate "2004.09.04"]

1. e4 e5 2. Nf3 Nc6 3. Bb5 a6 4. Ba4 Nf6 5. O-O Be7 6. Re1 b5 7. Bb3 d6 8. c3
O-O 9. d3 Na5 10. Bc2 c5 11. Nbd2 Nc6 12. Nf1 h6 13. a4 Bb7 14. Ne3 Re8 15. Bb3
Bf8 16. Bd2 g6 17. h3 Bg7 18. Nh2 Na5 19. Ba2 Nc6 20. Neg4 Nxg4 21. Nxg4 g5 22.
Qf3 Rf8 23. Ne3 Ne7 24. h4 d5 25. exd5 Qd6 26. hxg5 hxg5 27. Nf5 Nxf5 28. Qxf5
f6 29. c4 b4 30. Bb1 Rfe8 31. Bc2 Rad8 32. Bd1 Qe7 33. Qg6 Qf7 34. Qxf7+ 1-0

[Event "IX Festival A"]
[Site "Cesenatico ITA"]
[Date "2004.09.08"]
[Round "5"]
[White "Koops, Randolf"]
[Black "Vincenzi, Andrea"]
[Result "1-0"]
[WhiteElo "2118"]
[BlackElo "1807"]
[PlyCount "119"]
[EventDate "2004.09.04"]

1. d4 d5 2. Nf3 Nc6 3. c4 e6 4. Nc3 Nf6 5. Bg5 Be7 6. e3 O-O 7. c5 a6 8. a3 h6
9. Bh4 Ne4 10. Bg3 f5 11. Ne2 g5 12. Ne5 Qe8 13. Nd3 Bd8 14. f3 Nf6 15. h4 g4
16. Be5 Nxe5 17. Nxe5 Nd7 18. fxg4 Nxe5 19. dxe5 Be7 20. b4 Qg6 21. Nf4 Qg7 22.
Qd4 Qxg4 23. Be2 Qg3+ 24. Kd2 Kh7 25. Rh3 Qg7 26. Nh5 Qf7 27. g4 Bd7 28. g5 Bb5
29. Nf4 Qg8 30. g6+ Kh8 31. Rg1 Rfc8 32. Bh5 Kg7 33. Bf3 Kh8 34. Nh5 Be8 35.
Rhg3 Qg7 36. Nxg7 Kxg7 37. Bg2 Bd7 38. Rh3 a5 39. Rb1 axb4 40. axb4 Ra2+ 41.
Rb2 Rca8 42. h5 Bb5 43. Rh1 R2a3 44. Rc1 Bg5 45. Bf1 Be8 46. Bd3 Bd7 47. Ke2
R3a4 48. Kf3 Ra3 49. Rbb1 Rf8 50. Ra1 Rb3 51. Rcb1 Rxb1 52. Bxb1 c6 53. Ra7 Bc8
54. Bd3 Kg8 55. b5 cxb5 56. Bxb5 Be7 57. c6 bxc6 58. Rxe7 f4 59. exf4 cxb5 60.
Qa7 1-0

[Event "IX Festival A"]
[Site "Cesenatico ITA"]
[Date "2004.09.08"]
[Round "5"]
[White "Lagrotteria, Salvatore"]
[Black "Dallaglio, Giovanni"]
[Result "1-0"]
[WhiteElo "2209"]
[BlackElo "2057"]
[PlyCount "165"]
[EventDate "2004.09.04"]

1. d4 d5 2. Nf3 Nf6 3. c4 dxc4 4. Qa4+ Nbd7 5. e3 c6 6. Qxc4 e5 7. dxe5 Nxe5 8.
Nxe5 Qa5+ 9. Bd2 Qxe5 10. Bc3 Qe7 11. Be2 Be6 12. Qa4 Nd5 13. Bf3 f6 14. O-O
Kf7 15. Bh5+ g6 16. Bg4 Bxg4 17. Qxg4 Bg7 18. Qc4 Qe6 19. Bd4 Rhd8 20. Nd2 b6
21. Nf3 h6 22. b3 c5 23. Bb2 f5 24. Bxg7 Kxg7 25. Rad1 Rd6 26. Rd2 Nf6 27. Qa6
Rxd2 28. Nxd2 Rd8 29. Nc4 Rd7 30. Qc8 Qd5 31. h3 Rd8 32. Qc7+ Rd7 33. Qb8 Rb7
34. Qf4 Re7 35. Qb8 Rb7 36. Qe5 Rd7 37. Qc3 Qd3 38. Qb2 Qd5 39. a4 Qe6 40. Qa1
Kh7 41. Rd1 Rxd1+ 42. Qxd1 Nd5 43. Qd2 a6 44. f4 b5 45. axb5 axb5 46. Ne5 b4
47. Qa2 Qe7 48. Qa6 Nf6 49. g4 Qg7 50. Qe6 Ne4 51. Kf1 Qf6 52. Qxf6 Nxf6 53.
Ke2 Ne4 54. Kd3 Kg7 55. Kc4 Nd2+ 56. Kxc5 Nxb3+ 57. Kxb4 Nd2 58. Kc5 Kf6 59.
Kd4 Ne4 60. Nd7+ Ke7 61. gxf5 gxf5 62. Nc5 Nf2 63. Ke5 Nxh3 64. Kxf5 Nf2 65.
Nb3 Nd1 66. e4 Nf2 67. Nd2 Nd3 68. Nf3 Nc5 69. e5 Nd3 70. Nh4 Nc5 71. Ng2 Nd3
72. Ke4 Nc5+ 73. Kd5 Ne6 74. f5 Nc7+ 75. Ke4 Kf7 76. Nf4 Ne8 77. Ne6 Ke7 78.
Kf4 Kf7 79. Kg4 Ke7 80. Kh5 Kf7 81. Kxh6 Ke7 82. Kg6 Kd7 83. Kf7 1-0

[Event "IX Festival A"]
[Site "Cesenatico ITA"]
[Date "2004.09.08"]
[Round "5"]
[White "Lapenna, Antonio"]
[Black "Maahs, Erich"]
[Result "1-0"]
[WhiteElo "2030"]
[BlackElo "2155"]
[PlyCount "121"]
[EventDate "2004.09.04"]

1. d4 d5 2. Nf3 a6 3. e3 Bg4 4. c4 dxc4 5. Bxc4 e6 6. Nbd2 Nc6 7. h3 Bh5 8. O-O
Nf6 9. a3 Bd6 10. b4 O-O 11. Bb2 Qe7 12. Qb3 e5 13. d5 Nb8 14. e4 Nbd7 15. Rac1
Bg6 16. Bd3 Nb6 17. Rfe1 Nh5 18. Nc4 Nxc4 19. Rxc4 f6 20. Rec1 Nf4 21. Rxc7
Qxc7 22. Rxc7 Bxc7 23. Nh4 Bd6 24. Bc1 Nxd3 25. Qxd3 Rfc8 26. Be3 b5 27. Nf3
Rc4 28. Nd2 Rc1+ 29. Nf1 Rc4 30. Nd2 Rc1+ 31. Nf1 Rc7 32. f3 Rac8 33. Bd2 Be8
34. Qe3 Rb7 35. Ng3 Bd7 36. Kh2 Bb8 37. Ne2 Ba7 38. Qb3 Kf7 39. Be3 Bxe3 40.
Qxe3 Rc2 41. Nc1 Rbc7 42. Nd3 R7c3 43. Qa7 Rxd3 44. Qxd7+ Kg6 45. Qf5+ Kh6 46.
h4 Rdd2 47. Qg4 g6 48. f4 exf4 49. Qxf4+ Kg7 50. Qf3 Kf7 51. Kh3 Rf2 52. Qg4 f5
53. exf5 gxf5 54. Qh5+ Kf6 55. Qg5+ Ke5 56. Qe7+ Kxd5 57. Qxh7 Rc3+ 58. Kh2 f4
59. Qb7+ Kc4 60. Qf7+ Kd4 61. Qa7+ 1-0

[Event "IX Festival A"]
[Site "Cesenatico ITA"]
[Date "2004.09.08"]
[Round "5"]
[White "Maddaloni, Giovanni"]
[Black "Giorgi, Sandro"]
[Result "1/2-1/2"]
[WhiteElo "1849"]
[BlackElo "1599"]
[PlyCount "38"]
[EventDate "2004.09.04"]

1. e4 c6 2. d4 d5 3. e5 c5 4. dxc5 Nc6 5. Nf3 e6 6. Bd3 Bxc5 7. O-O Nge7 8. c3
Ng6 9. Qe2 Qc7 10. Re1 Bd7 11. Na3 a6 12. Nc2 O-O 13. Ncd4 Be7 14. h4 Nxd4 15.
cxd4 f5 16. Bg5 Bxg5 17. Nxg5 Nf4 18. Qf3 Nxd3 19. Qxd3 h6 1/2-1/2

[Event "IX Festival A"]
[Site "Cesenatico ITA"]
[Date "2004.09.08"]
[Round "5"]
[White "Marholev, Dimitar"]
[Black "Bardi, Massimo"]
[Result "1-0"]
[WhiteElo "2350"]
[BlackElo "2076"]
[PlyCount "55"]
[EventDate "2004.09.04"]

1. e4 c5 2. Nc3 Nc6 3. Bb5 Nd4 4. Bc4 e6 5. Nge2 a6 6. Nxd4 cxd4 7. Ne2 b5 8.
Bd3 d5 9. Nxd4 Bb7 10. exd5 Qxd5 11. Nf3 Nf6 12. O-O g5 13. Be2 g4 14. Ne1 h5
15. c4 Qc6 16. cxb5 axb5 17. Qb3 b4 18. a4 Ra5 19. Bb5 Rxb5 20. axb5 Qxb5 21.
Qa4 Bc6 22. Qxb5 Bxb5 23. d3 Be7 24. Ra8+ Bd8 25. Bg5 Ke7 26. Rb8 Ba4 27. Rxb4
Bd1 28. Rf4 1-0